MLB MVPs since 2000 - Statistics

General Stats
  • This quiz has been taken 78 times
  • The average score is 39 of 50
Answer Stats
Year Team Answer % Correct
2024 Yankees Aaron Judge
100%
2022 Yankees Aaron Judge
100%
2023 Angels Shohei Ohtani
100%
2021 Angels Shohei Ohtani
100%
2024 Dodgers Shohei Ohtani
100%
2019 Angels Mike Trout
97%
2016 Angels Mike Trout
97%
2014 Angels Mike Trout
97%
2021 Phillies Bryce Harper
95%
2015 Nationals Bryce Harper
95%
2018 Rex Sox Mookie Betts
92%
2020 Braves Freddie Freeman
87%
2017 Astros Jose Altuve
87%
2023 Braves Ronald Acuna Jr
87%
2022 Cardinals Paul Goldschmidt
85%
2013 Tigers Miguel Cabrera
82%
2012 Tigers MIguel Cabrera
82%
2004 Giants Barry Bonds
81%
2003 Giants Barry Bonds
81%
2002 Giants Barry Bonds
81%
2001 Giants Barry Bonds
81%
2018 Brewers Christian Yelich
81%
2017 Marlins Giancarlo Stanton
81%
2009 Cardinals Albert Pujols
79%
2008 Cardinals Albert Pujols
79%
2005 Cardinals Albert Pujols
79%
2007 Yankees Alex Rodriguez
79%
2005 Yankees Alex Rodriguez
79%
2003 Rangers Alex Rodriguez
79%
2019 Dodgers Cody Bellinger
79%
2011 Tigers Justin Verlander
79%
2013 Pirates Andrew McCutchen
76%
2014 Dodgers Clayton Kershaw
74%
2016 Cubs Kris Bryant
73%
2012 Giants Buster Posey
71%
2020 White Sox Jose Abreu
71%
2010 Reds Joey Votto
68%
2011 Brewers Ryan Braun
68%
2006 Phillies Ryan Howard
66%
2009 Twins Joe Mauer
65%
2015 Blue Jays Josh Donaldson
63%
2001 Mariners Ichiro Suzuki
61%
2008 Red Sox Dustin Pedroia
60%
2010 Rangers Josh Hamilton
56%
2004 Angels Vladimir Guerrero
56%
2007 Phillies Jimmy Rollins
55%
2000 Athletics Jason Giambi
52%
2000 Giants Jeff Kent
48%
2002 Athletics Miguel Tejada
42%
2006 Twins Justin Morneau
39%
No matching quizzes found
Score Distribution
Percent of People with Each Score
Percentile by Number Answered
Your Score History
You have not taken this quiz